00291nam a22001217a 4500003000400000082001800004100001700022245004500039260004400084300000700128650001700135653001700152SGT a617.643bS21J aJose, Floret aStudy of Prevalence and distribution.... aGurugram, HaryanabSGT Universityc2021 a90 aOrthodontics aOrthodontics